Statistics for NBA Starters 2013-2014 (Updated from March 31)

Click here to take the quiz!

General Stats

  • This quiz has been taken 339 times
  • The average score is 62 of 150

Answer Stats

TeamStarters% Correct
LeBron James
91%
Chris Bosh
80%
ClippersChris Paul
79%
David West
78%
NetsDeron Williams
76%
James Harden
76%
Marvin Williams
76%
Kevin Durant
75%
ThunderRussell Westbrook
75%
Tim Duncan
75%
WarriorsStephen Curry
74%
SpursTony Parker
73%
Carmelo Anthony
72%
76ersHollis Thompson
72%
WizardsJohn Wall
72%
BobcatsKemba Walker
72%
Klay Thompson
72%
CavaliersTristan Thompson
72%
CelticsJeff Green
71%
Marc Gasol
71%
Anthony Davis
69%
DeAndre Jordan
69%
Trail BlazersDamian Lillard
66%
RaptorsKyle Lowry
65%
HeatMario Chalmers
65%
Paul George
65%
Dirk Nowitzki
64%
Amir Johnson
62%
BullsJimmy Butler
62%
BullsJoakim Noah
62%
Joe Johnson
62%
Josh Smith
62%
J.R. Smith
62%
Paul Pierce
62%
CelticsRajon Rondo
62%
Bradley Beal
61%
DeMarcus Cousins
61%
DeMar DeRozan
61%
Kawhi Leonard
61%
Kevin Love
61%
GrizzliesMike Conley
61%
Serge Ibaka
61%
Robin Lopez
58%
LeMarcus Aldridge
57%
HawksJeff Teague
56%
Courtney Lee
55%
PacersGeorge Hill
55%
Jordan Hill
55%
TimberwolvesRicky Rubio
55%
Tyson Chandler
55%
BobcatsAl Jefferson
53%
Richard Jefferson
53%
Kyle Korver
52%
Paul Millsap
52%
Zach Randolph
52%
Andre Drummond
51%
Roy Hibbert
50%
76ersThaddeus Young
50%
CavaliersJarrett Jack
47%
Marcin Gortat
47%
Monta Ellis
47%
Andre Iguodala
46%
BullsCarlos Boozer
46%
SunsGoran Dragic
46%
CavaliersLuol Deng
45%
Eric Bledsoe
44%
Matt Barnes
43%
76ersMichael Carter-Williams
43%
Nicholas Batum
43%
Steven Adams
42%
PistonsBrandon Jennings
41%
Rudy Gay
41%
NuggetsTy Lawson
41%
Nikola Vucevic
40%
BucksBrandon Knight
39%
Gordon Hayward
38%
Tiago Splitter
38%
Trevor Ariza
38%
CelticsAvery Bradley
37%
MagicJameer Nelson
37%
76ersJames Anderson
37%
Amar'e Stoudemire
36%
BullsKirk Hinrich
36%
Lance Stephenson
36%
KnicksRaymond Felton
36%
Udonis Haslem
36%
Chandler Parsons
35%
Terrence Jones
35%
Tyreke Evans
35%
Shawn Marion
34%
RocketsPatrick Beverley
33%
Greg Monroe
32%
Jonas Valanciunas
32%
BucksKhris Middleton
32%
Wesley Matthews
32%
CavaliersDion Waiters
31%
Kenneth Faried
31%
Omer Asik
30%
Kevin Martin
29%
Terrence Ross
29%
Darren Collison
28%
BobcatsMichael Kidd-Gilchrist
28%
CavaliersSpencer Hawes
28%
MavericksJose Calderon
27%
Mason Plumlee
27%
Miles Plumlee
27%
Tayshaun Prince
27%
Derrick Favors
26%
Quincy Miller
26%
DeMarre Carroll
25%
Nikola Pekovic
25%
Trevor Booker
24%
BucksZaza Pachulia
24%
Andre Roberson
22%
Samuel Dalembert
22%
JazzTrey Burke
22%
BobcatsGerald Henderson
21%
BullsMike Dunleavy
21%
CelticsBrandon Bass
20%
PelicansBrian Roberts
20%
Corey Brewer
20%
Jermaine O'Neal
20%
P.J. Tucker
20%
Aaron Afflalo
19%
Timofey Mozgov
19%
BobcatsJosh McRoberts
16%
Marco Belinelli
16%
Al-Farouq Aminu
15%
Channing Frye
15%
Jared Dudley
14%
Jodie Meeks
13%
Pero Antic
13%
Maurice Harkless
12%
Randy Foye
12%
Reggie Evans
12%
CelticsKris Humphries
11%
Shaun Livingston
11%
76ersHenry Sims
10%
Chris Kaman
9%
Ben McLemore
8%
Kent Bazemore
8%
Marreese Speights
8%
BucksRamon Sessions
8%
LakersKendall Marshall
6%
Toney Douglas
6%
Kyle Singler
5%
Kyle O'Quinn
4%
Alex Ajinca
3%
KingsRay McCallum
1%
BucksJeff Adrien
0%

Score Distribution

Percentile by Number Answered

Percent of People with Each Score

Your Score History

You have not taken this quiz